Slovenian Prime Ministers - Statistics

General Stats
  • This quiz has been taken 31 times
  • The average score is 10 of 13
Answer Stats
Hint Answer % Correct
2004 - 2008 Janez Janša
100%
2012 - 2013 Janez Janša
100%
2020 - 2022 Janez Janša
100%
2022 - inc. Robert Golob
95%
2014 - 2018 Miro Cerar
91%
2018 - 2020 Marjan Šarec
82%
2013 - 2014 Alenka Bratušek
77%
2008 - 2012 Borut Pahor
77%
1992 - 2000 Janez Drnovšek
77%
2000 - 2002 Janez Drnovšek
77%
1990 - 1992 Lojze Peterle
59%
2000 - 2000 Andrej Bajuk
50%
2002 - 2004 Anton Rop
45%
No matching quizzes found
Score Distribution
Percent of People with Each Score
Percentile by Number Answered
Your Score History
You have not taken this quiz